Normal view
MARC view
- ROURKE T.ROURKE
Entry Personal Name
001 - CONTROL NUMBER
- control field: 133762
003 - CONTROL NUMBER IDENTIFIER
- control field: NUST
005 - DATE AND TIME OF LATEST TRANSACTION
- control field: 20260326141753.0
008 - FIXED-LENGTH DATA ELEMENTS
- fixed length control field: 260326|| aca||aabn | a|a d
040 ## - CATALOGING SOURCE
- Original cataloging agency: NUST
- Transcribing agency: NUST
100 ## - HEADING--PERSONAL NAME
- Personal name: ROURKE T.ROURKE
670 ## - SOURCE DATA FOUND
- Source citation: Work cat.: (NUST)616645: ROURKE T.ROURKE., TAKING SIDES CLASHING VIEWS ON CONTROVERSIAL ISSUES IN WORLD POLITICS /, 1994.
